| 000 | 00404nam a22001217a 4500 | ||
|---|---|---|---|
| 008 | 230515b |||||||| |||| 00| 0 eng d | ||
| 040 |
_aNational Science Library _cNational Science Library |
||
| 080 |
_aR 058(540) _bP3 |
||
| 245 |
_aIndia 2003: _c/ Research Reference and Training Division _bA reference annual |
||
| 260 |
_aNew Delhi: _bPublication Division, _c2003 |
||
| 650 | _aIndia | ||
| 942 |
_2udc _cREF |
||
| 999 |
_c29945 _d29945 |
||